The self-organizing school : next generation comprehensive school reforms /

Bibliographic Details
Main Author: Bain, Alan, 1957-
Format: Book
Language:English
Published: Lanham, Md. : Rowman & Littlefield Education, 2007.
Subjects:
Online Access:Table of contents only

MARC

Tag First Indicator Second Indicator Subfields
LEADER 00000cam a22000004a 4500
001 in00002246607
005 20151104195325.0
008 061220s2007 mdua b 001 0 eng
010 |a  2006102515 
020 |a 9781578866014 (hardcover : alk. paper) 
020 |a 1578866014 (hardcover : alk. paper) 
020 |a 9781578866021 (pbk. : alk. paper) 
020 |a 1578866022 (pbk. : alk. paper) 
029 1 |a YDXCP  |b 2514005 
035 |a (OCoLC)ocm77504312 
035 |a (OCoLC)77504312 
040 |a DLC  |c DLC  |d BAKER  |d BTCTA  |d C#P  |d YDXCP  |d UtOrBLW 
042 |a pcc 
043 |a n-us--- 
049 |a TXAM 
050 0 0 |a LB2822.82  |b .B34 2007 
082 0 0 |a 371.2  |2 22 
100 1 |a Bain, Alan,  |d 1957- 
245 1 4 |a The self-organizing school :  |b next generation comprehensive school reforms /  |c Alan Bain. 
264 1 |a Lanham, Md. :  |b Rowman & Littlefield Education,  |c 2007. 
300 |a viii, 280 pages :  |b illustrations ;  |c 23 cm. 
336 |a text  |b txt  |2 rdacontent 
337 |a unmediated  |b n  |2 rdamedia 
338 |a volume  |b nc  |2 rdacarrier 
504 |a Includes bibliographical references (pages 261-274) and index. 
650 0 |a Educational change  |z United States. 
650 0 |a School improvement programs  |z United States. 
650 0 |a School management and organization  |z United States. 
650 0 |a Self-organizing systems. 
856 4 1 |3 Table of contents only  |u http://www.loc.gov/catdir/toc/ecip077/2006102515.html  |t 0 
938 |a Baker & Taylor  |b BKTY  |c 80.00  |d 80.00  |i 1578866014  |n 0007133372  |s active 
938 |a Baker & Taylor  |b BKTY  |c 29.95  |d 29.95  |i 1578866022  |n 0007133373  |s active 
938 |a Baker and Taylor  |b BTCP  |n 2006102515 
938 |a YBP Library Services  |b YANK  |n 2514005 
945 |a PromptCat  |b 134291 
946 |a stk 
947 |a A14835612708 
948 |a cataloged  |b h  |c 2007/5/23  |d c  |e achopde  |f 12:48:06 pm 
994 |a 92  |b TXA 
999 |a MARS 
999 f f |s 4a962e41-b83f-303d-867e-2dba6835a1e8  |i 25b92458-c257-343d-a749-4930f962562a  |t 0 
952 f f |p normal  |a Texas A&M University  |b College Station  |c Sterling C. Evans Library  |d Evans: Library Stacks  |t 0  |e LB2822.82 .B34 2007  |h Library of Congress classification  |i unmediated -- volume  |m A14835612708 
998 f f |a LB2822.82 .B34 2007  |t 0  |l Evans: Library Stacks